00611nam a2200157 a 450000100100000000500170001000800410002702000150006804000250008308200140010824500630012226001060018530000320029195201130032399900170043600004149620201002034936.0131008s1985 sp a 000 0 spa d a8400060601 aDO-SdBNPbspacBNPHU axxxbI46g00aIngeniería Genética :bmanual de técnicas básicas. aMadrid :bConsejo Superior de Investigaciones Científicas. Programa Ingeniería Genética,c1985. aix, 188 p. :bil. ;c28 cm. 0010507-18MOaGRbGRcOId2013-10-08iLF1l0oxxx I46gp41496-10r2020-06-25w2020-06-25y1ZNo se presta c40986d40986